'UNI'que Words Quiz Stats

Quiz Updated Feb 28, 2013

Challenge
Share
Tweet
Embed
Score 0/20 Timer 05:00
2 Plays Today
Definition Unique Word % Correct
A vehicle with one wheelUnicycle
99%
A mythological creature usually depicted as a white horse with a hornUnicorn
97.4%
A continuous line of hair above the eyesUnibrow
96.4%
Consistent or always the same; a standard clothing worn by members of an organized groupUniform
93.5%
A large and diverse institution of higher learning made to educate and grant degreesUniversity
93%
Become oneUnify
92.2%
Everything that exists everywhereUniverse
90.3%
The 3rd largest country by populationUnited States
87.8%
An organization of employees formed to bargain with the employerUnion
79.5%
A monarchy in northwestern Europe; divided into England, Scotland, Wales, and Northern IrelandUnited Kingdom
78.4%
Definition Unique Word % Correct
Lacking knowledge; stupidUnintelligent
64.5%
Not significantUnimportant
64.2%
Unwelcome and unwantedUninvited
62.1%
A Middle East country found between Oman and Saudi ArabiaUnited Arab Emirates
59.7%
An agency of the UN responsible for programs to help and aid education and health of children and mothers in developing countriesUNICEF
58.2%
Involving only one part or sideUnilateral
42.6%
An individual or group regarded as structural constituent of a wholeUnit
36.3%
A creature or person with only one foot and one legUniped
35.3%
Monochromatic; of one visual attributeUnicolor
33.9%
Impossible: totally unlikely; inconceivableUnimaginable
28.1%

You're not logged in!

Compare scores with friends on all Sporcle quizzes.
Sign Up with Email
OR
Log In

You Might Also Like...

Show Comments

Extras

Top Quizzes Today


Score Distribution

Your Account Isn't Verified!

In order to create a playlist on Sporcle, you need to verify the email address you used during registration. Go to your Sporcle Settings to finish the process.